Sporcle's Easiest TV Quiz Stats

Quiz Updated Jun 7, 2015

Challenge
Share
Tweet
Embed
Score 0/30 Timer 05:00
5 Plays Today
Hint Answer % Correct
The Simpsons charactersHomer Simpson
97.9%
The Simpsons charactersBart Simpson
97.8%
The Simpsons charactersMarge Simpson
95.5%
The Simpsons charactersLisa Simpson
95.3%
SpongeBob CharactersSpongeBob SquarePants
93.2%
The Simpsons charactersMaggie Simpson
90.2%
Family Guy charactersPeter Griffin
87.3%
Sesame Street CharactersBig Bird
86.1%
Family Guy charactersStewie Griffin
85.8%
South Park charactersKenny McCormick
84.2%
SpongeBob CharactersPatrick Star
82%
Sesame Street CharactersElmo
80.2%
Family Guy charactersMeg Griffin
79.9%
Family Guy charactersBrian Griffin
77%
South Park charactersEric Cartman
76.7%
Hint Answer % Correct
Family Guy charactersLois Griffin
76.6%
Sesame Street CharactersErnie
66.9%
Sesame Street CharactersBert
66.3%
South Park charactersStan Marsh
64.3%
Futurama CharactersBender
61.3%
South Park charactersKyle Broflovski
61.2%
Sesame Street CharactersCookie Monster
59.4%
Futurama CharactersPhilip J. Fry
57%
SpongeBob CharactersSandy Cheeks
52.8%
Futurama CharactersTuranga Leela
47.4%
South Park charactersButters Stotch
41.5%
SpongeBob CharactersSheldon J. Plankton
40.4%
SpongeBob CharactersGary
37.6%
Futurama CharactersDoctor Zoidberg
34%
Futurama CharactersAmy Wong
27.2%

You're not logged in!

Compare scores with friends on all Sporcle quizzes.
Sign Up with Email
OR
Log In

You Might Also Like...

Show Comments

Extras

Top Quizzes Today


Score Distribution

Your Account Isn't Verified!

In order to create a playlist on Sporcle, you need to verify the email address you used during registration. Go to your Sporcle Settings to finish the process.